00386nam a22001577a 4500003000400000005001700004008004100021020001800062040000900080082001500089100001200104245004800116250001800164260003200182300001400214OSt20221102150511.0221102b ||||| |||| 00| 0 eng d a9788120338715 coclc a664bRAO/F aD.G Rao aFundamentals Of Food Engineering /cD.G Rao aThird Edition aDelhi:bPHI Learning,c2014 a614 pages